Zákon NR SR o dani z pridanej hodnoty
Zákon NR SR o dani z pridanej hodnoty v znení schválenom v NR SR. Základné pojmy. Uplatnenie dane pri zdaniteľnom plnení v tuzemsku. Zoznam tovarov a služieb podliehajúcich sadzbe dane 6 perc. Dôvodová správa. Daň z pridanej hodnoty uplatnená v niektorých krajinách EÚ a ČR. Základné princípy v súčas...
Gespeichert in:
| Format: | Buchkapitel |
|---|---|
| Sprache: | Slowakisch |
| Schlagworte: | |
| Tags: |
Keine Tags, Fügen Sie das erste Tag hinzu!
|
MARC
| LEADER | 00000naa a2200000 4500 | ||
|---|---|---|---|
| 001 | r018924 | ||
| 005 | 20221213100222.2 | ||
| 041 | 0 | |a slo | |
| 044 | |a SK | ||
| 245 | 1 | 0 | |a Zákon NR SR o dani z pridanej hodnoty |
| 520 | |a Zákon NR SR o dani z pridanej hodnoty v znení schválenom v NR SR. Základné pojmy. Uplatnenie dane pri zdaniteľnom plnení v tuzemsku. Zoznam tovarov a služieb podliehajúcich sadzbe dane 6 perc. Dôvodová správa. Daň z pridanej hodnoty uplatnená v niektorých krajinách EÚ a ČR. Základné princípy v súčasnom uplatňovaní dane. Princípy predkladaného zákona. Kvantifikácia dopadu návrhu zákona na štátny rozpočet. | ||
| 610 | 2 | 0 | |a zákony |
| 610 | 2 | 0 | |a Slovensko |
| 610 | 2 | 0 | |a dane |
| 610 | 2 | 0 | |a dane z hodnoty pridanej |
| 610 | 2 | 0 | |a 1995 |
| 610 | 2 | 0 | |a daňovníci |
| 610 | 2 | 0 | |a rozpočet štátny |
| 610 | 2 | 0 | |a Európska únia |
| 610 | 2 | 0 | |a Česko |